Catálogo de la Biblioteca Horacio González - Universidad Nacional de General Sarmiento

Stalker (Registro nro. 54039)

Detalles MARC
000 -CABECERA
campo de control de longitud fija 02231ngm a22003490a 4500
001 - NÚMERO DE CONTROL
campo de control PT50896
003 - IDENTIFICADOR DEL NÚMERO DE CONTROL
campo de control AR-LpoUNG
005 - FECHA Y HORA DE LA ÚLTIMA TRANSACCIÓN
campo de control 20210202000046.0
007 - CAMPO FIJO DE DESCRIPCIÓN FÍSICA--INFORMACIÓN GENERAL
campo de control de longitud fija vd cvaizq
008 - DATOS DE LONGITUD FIJA--INFORMACIÓN GENERAL
campo de control de longitud fija 191001s1979||||ag |||||||||||||||||rus d
037 ## - FUENTE DE ADQUISICIÓN
Condiciones de disponibilidad $6
040 ## - FUENTE DE LA CATALOGACIÓN
Centro catalogador/agencia de origen AR-LpoUNG
Lengua de catalogación spa
Centro/agencia transcriptor AR-LpoUNG
Normas de descripción aacr
041 ## - CÓDIGO DE LENGUA
Código de lengua del texto/banda sonora o título independiente rus
082 0# - NÚMERO DE LA CLASIFICACIÓN DECIMAL DEWEY
Número de clasificación 791.436 15 187v1
100 1# - ENTRADA PRINCIPAL--NOMBRE DE PERSONA
Nombre de persona Tarkovsky, Andrey
Término indicativo de función/relación dir.
245 10 - MENCIÓN DE TÍTULO
Título Stalker
260 ## - PUBLICACIÓN, DISTRIBUCIÓN, ETC.
Lugar de publicación, distribución, etc. s.l. :
Nombre del editor, distribuidor, etc. s.n.,
Fecha de publicación, distribución, etc. 1979.
300 ## - DESCRIPCIÓN FÍSICA
Extensión DVD (62 min.) : son., col.
505 0# - NOTA DE CONTENIDO CON FORMATO
Nota de contenido con formato Hecha en 1979. Subtítulos en español. Basada en la novela de Arkadi y Boris Strugatski "The roadside picnic". Intérpretes: Aleksandr Kajdanovsky, Alisa Frejndlikh, Anatoli Solonitsyn, Nikolai Grinko. Fotografía: Aleksandr Knyazhinsky, Georgi Rerberg. Música: Eduard Artemiev.
520 ## - SUMARIO, ETC.
Sumario, etc. Dos hombres, uno de ellos un científico en una misión y el otro un poeta en busca de inspiración, son guiados por Aleksandr, un "stalker", hacia una Zona que ha aparecido en circunstancias extrañas y en donde las leyes de la naturaleza se han alterado. Aleksandr ha dejado esperando en su casa a una hija con poderes telequinéticos, que tal vez haya nacido parapléjica a causa de los viajes continuos que hace su padre a la Zona. De lograr atravesar la Zona, los viajeros podrán arribar a una camara secreta en donde los sueños se materializan, pero cuando llegan a la misma ninguno de ellos se atreve a entrar. Pues la Zona no cumple lo solicitado, sino que atiende a los deseos más secretos. "Stalker" transcurre dentro de un espacio y tiempo imaginarios. En este mundo Tarkovski superpone los elementos de la naturaleza con los objetos creados por la cultura de los hombres. Habitan este espacio los restos derruidos de una expedición militar, húmedas y verdes praderas, el silencio de los viajeros, sinuosos torrentes de agua, ruinas humanas. En este mundo Tarkovski superpone los elementos de la naturaleza con los objetos creados por la cultura de los hombres.
650 #4 - PUNTO DE ACCESO ADICIONAL DE MATERIA--TÉRMINO DE MATERIA
Término de materia o nombre geográfico como elemento de entrada DRAMA
650 #4 - PUNTO DE ACCESO ADICIONAL DE MATERIA--TÉRMINO DE MATERIA
Término de materia o nombre geográfico como elemento de entrada PREDICCIONES
650 #4 - PUNTO DE ACCESO ADICIONAL DE MATERIA--TÉRMINO DE MATERIA
Término de materia o nombre geográfico como elemento de entrada VIAJES
653 ## - TÉRMINO DE INDIZACIÓN--NO CONTROLADO
Término no controlado CIENCIA FICCION
653 ## - TÉRMINO DE INDIZACIÓN--NO CONTROLADO
Término no controlado CINE RUSO
653 ## - TÉRMINO DE INDIZACIÓN--NO CONTROLADO
Término no controlado DVD
653 ## - TÉRMINO DE INDIZACIÓN--NO CONTROLADO
Término no controlado FANTASIA
653 ## - TÉRMINO DE INDIZACIÓN--NO CONTROLADO
Término no controlado FUTURISMO
653 ## - TÉRMINO DE INDIZACIÓN--NO CONTROLADO
Término no controlado VIDEOS
905 ## - ELEMENTOS DE DATOS E LOCAL, LDE (RLIN)
a 50896
942 ## - ELEMENTOS DE PUNTO DE ACCESO ADICIONAL (KOHA)
Tipo de ítem Koha DVD
Existencias
Estado de retiro Estado de pérdida Estado dañado No para préstamo Código de colección Localización permanente Ubicación/localización actual Fecha de adquisición Total de préstamos Signatura topográfica completa Código de barras Fecha visto por última vez Precio válido a partir de Tipo de ítem Koha
        Colección Cine Biblioteca Universidad Nacional de General Sarmiento Biblioteca Universidad Nacional de General Sarmiento 02/02/2021   791.436 15 187v1 00056516 02/02/2021 02/02/2021 DVD
        Colección Cine Biblioteca Universidad Nacional de General Sarmiento Biblioteca Universidad Nacional de General Sarmiento 02/02/2021   791.436 15 187v1 00056517 02/02/2021 02/02/2021 DVD
        Colección Cine Biblioteca Universidad Nacional de General Sarmiento Biblioteca Universidad Nacional de General Sarmiento 02/02/2021   791.436 15 187v1 00056518 02/02/2021 02/02/2021 DVD